00790nam a2200229 a 450000100060000000300080000600500170001400800410003103500190007204000270009104100080011808200240012610000290015024500320017926000480021130000370025950400510029665000220034794200120036999900170038195201620039870736BD-RjUL20211209082032.0170419s1997 enka b 001 0 eng  a(BD-RjUL)70950 aDLCcDLCdBD-RjULbeng aeng00a576.5223bLEG 19971 aLewin, Benjamin.920937610aGenes VI /cBenjamin Lewin. aNew York :bOxford University Press,c1997. axviii, 1260 p. :bill. ;c29 cm. aIncludes bibliographical references and index. 0aGenetics.9209377 2ddccBK c70736d70736 00102ddc40718NFICaRUCLbRUCLcReadingd2000-08-02eDhaka, Paragon Enterprises Ltd.g2528.00l0o576.5 LEG 1997r2017-04-19 00:00:00tC-1w2017-04-19yBK